Report on feasibility of Feather River project and Sacramento-San Joaquin Delta diversion projects, proposed as features of the California water plan.

Bibliographic Details
Corporate Author: California. State Water Resources Board
Format: Book
Language:English
Published: [Sacramento], [publisher not identified] ; 1951.
Subjects:

MARC

Tag First Indicator Second Indicator Subfields
LEADER 00000cam a2200000 4500
001 in00000596192
005 20151014165159.0
008 750326s1951 cauab s00010 eng
010 |a  52062480  
035 |a (OCoLC)01239090 
035 |9 ACS4644AM 
040 |c UDI  |d TXA  |d UtOrBLW 
049 |a TXAM  |c [375587] 
050 0 0 |a TC24.C2  |b A53 1951 
110 1 |a California.  |b State Water Resources Board. 
245 1 0 |a Report on feasibility of Feather River project and Sacramento-San Joaquin Delta diversion projects, proposed as features of the California water plan. 
264 1 |a [Sacramento],  |b [publisher not identified] ;  |c 1951. 
300 |a 1 volume (various pagings) :  |b illustrations, maps (part folded part color) diagrams ;  |c 28 cm. 
336 |a text  |b txt  |2 rdacontent 
337 |a unmediated  |b n  |2 rdamedia 
338 |a volume  |b nc  |2 rdacarrier 
650 0 |a Water-supply  |z California. 
651 0 |a Feather River (Calif.) 
999 |a MARS 
999 f f |s 13adeab8-22e2-324d-bf60-de35eb582784  |i 257d6d01-7ce5-3ffb-adcc-62b99aa23e52  |t 0 
952 f f |p ric  |a Texas A&M University  |b Rellis Campus  |c Joint Library Facility  |d Remote Storage  |t 0  |e TC24.C2 A53 1951  |h Library of Congress classification  |i unmediated -- volume  |m A14805348094 
998 f f |a TC24.C2 A53 1951  |t 0  |l Remote Storage